Managing change : (Record no. 2888)

MARC details
000 -LEADER
fixed length control field 00586nam a2200169Ia 4500
020 ## - INTERNATIONAL STANDARD BOOK NUMBER
ISBN 0256134537 (Free Instructor's copy)
020 ## - INTERNATIONAL STANDARD BOOK NUMBER
ISBN 0256112312
050 ## - CALL NUMBER
Classification number HD58.8.J56 JIC
100 1# - AUTHOR
Personal name Jick, Todd,
245 10 - TITLE
Title Managing change :
Remainder of title cases and concepts /
Statement of responsibility, etc Todd D. Jick.
260 ## - PUBLICATION INFORMATION
Place of publication Homewood, Ill. :
Name of publisher Irwin,
Year of publication c1993.
300 ## - DESCRIPTION
Number of Pages xviii, 489 p. ;
Dimensions 25 cm.
505 ## - FORMATTED CONTENTS NOTE
Table of Content 1. The challenge of change<br/>2. Envisioning change<br/>3. Implementing change<br/>4. The recipients of change<br/>5. Change agents<br/>
650 #0 - SUBJECTS
Topical Term Organizational change.
650 #0 - SUBJECTS
Topical Term Organizational change
942 ## - ADDED ENTRY ELEMENTS (KOHA)
Koha item type Books
Holdings
Withdrawn status Lost status Collection code Home library Current library Shelving location Date acquired Full call number Accession Number Koha item type
    Reference Methodist University Library Main Methodist University Library Main General Stacks 27/11/2013 HD58.8.J56 JIC 38982 Books
Copyright © 2026  MUG Library